Eparchiálnr zhromaždenie Michalovskej pravoslávnej eparchie v Michalovciach

Bibliographic Details
Main Author: Džugan, Michal (Author)
Format: Article
Language:Slovak
PhysicalDescription:Fotogr.
ISSN:0139-9012
Subjects:

MARC

LEADER 00000nab a2200000 a 4500
001 vtls009004475
003 SK-MaSNL
005 20260303065639.0
008 070702c2007 xo mr p 000 a0slo
015 |a SNBRB2007/07 
038 |a SVKPOCL 
040 |a SVKPOCL  |b slo  |c SVKPO  |e AACR2 
041 0 |a slo 
044 |a xo  |c SK 
080 |a 271.2-7(437.6)  |2 2001 
080 |a 281.93(437.6):061.3  |2 2001 
080 |a 061.3  |2 2001 
100 1 |a Džugan, Michal  |4 aut  |9 274328 
245 1 0 |a Eparchiálnr zhromaždenie Michalovskej pravoslávnej eparchie v Michalovciach  |c spracoval Michal Džugan, tajomník pre filantropiu MPE 
300 |b Fotogr. 
610 2 7 |a Michalovská eparchia (Michalovce, Slovensko)  |b Eparchiálne zhromaždenie  |x zasadanie  |2 svkpocl  |9 1065987 
648 7 |a 18.11.2006  |2 svkpocl  |9 1065988 
650 0 7 |a pravoslávne cirkvi  |z Slovensko   |2 svkpocl  |9 1032627 
650 0 7 |a náboženstvo  |2 svkpocl  |9 2023 
651 7 |a Michalovce (Slovensko)  |2 svkpocl  |9 22487 
773 0 |t Odkaz sv. Cyrila a Metoda = Zapovit sv. Kyryla i Mefodija  |g Roč. LIII, č. 1 (2007), s. 33-35  |x 0139-9012 
852 |a SVKPO  |b KIS3GCP 
958 |a NT 
958 |a SK 
999 |c 1752040  |d 1753970